00458pab a2200145 454500008004000000100002200040245014300062260000900205300001700214362000800231650000800239650001400247700001600261773003500277180718b2010 xxu||||| |||| 00| 0 eng d aShafiq, M. Najeeb aEducational attainment and attitudes towards war in Muslim countries contemplating war: The cases of Jordan, Lebanon, Pakistan, and Turkey c2010 ap.1424-1441. aSep aWar aEducation aRoss, Karen aJournal of Development Studies